[Event "FRA-ch U08"]
[Site "Aix les Bains"]
[Date "2006.??.??"]
[Round "1"]
[White "Gautier, Jeremy"]
[Black "Giroyan, Gary"]
[Result "0-1"]
[WhiteElo "1430"]
[BlackElo "1850"]
[PlyCount "44"]
[EventDate "2006.04.16"]
[EventType "swiss"]
[EventRounds "9"]
[EventCountry "FRA"]
[SourceTitle "EXT 2007"]
[Source "ChessBase"]
[SourceDate "2006.11.23"]
[SourceVersion "1"]
[SourceVersionDate "2006.11.23"]
[SourceQuality "1"]

1. e4 c5 2. Nf3 d6 3. Bb5+ Bd7 4. Bxd7+ Qxd7 5. 0-0 e6 6. d3 Nf6 7. Be3 Nc6 8. Nc3 Be7 9. h3 0-0 10. Re1 a6 11. Re2 b5 12. Qd2 b4 13. Nd1 Rfd8 14. b3 d5 15. Nb2 dxe4 16. dxe4 Qb7 17. Qc1 Nxe4 18. Nd1 Bf6 19. Rb1 Qb5 20. Kf1 Rd7 21. Ke1 Rad8 22. g3 Rxd1+ 0-1